[Event "DSJ Weihnachtsturnier U20 2020"]
[Site "https://play.chessbase.com/en/play?room=DSJWeihnachtU20"]
[Date "2020.12.29"]
[Round "1"]
[White "Suvorov, Alexander"]
[Black "Petrow, Jonas"]
[Result "1-0"]
[Termination "normal"]
[Board "5.1"]
[WhiteTitle "FM"]
[WhiteElo "2353"]
[BlackElo "1811"]
[WhiteTeam "Schachgemeinschaft Porz"]
[BlackTeam "TuS Makkabi Rostock"]
[PlyCount "69"]
[WhiteFideId "12977063"]
[BlackFideId "12991805"]
[EventRounds "7"]
[EventType "team-swiss"]
[EventDate "2020.12.29"]

1. d4 {[%emt 0:00:05]} d5 {[%emt 0:00:01]} 2. c4 {[%emt 0:00:01]} c6 {[%emt
0:00:02]} 3. Nc3 {[%emt 0:00:03]} Nf6 {[%emt 0:00:02]} 4. e3 {[%emt 0:00:02]}
e6 {[%emt 0:00:02]} 5. Nf3 {[%emt 0:00:02]} Nbd7 {[%emt 0:00:03]} 6. Qc2 {[%emt
0:00:01]} Bd6 {[%emt 0:00:02]} 7. Bd3 {[%emt 0:00:02]} dxc4 {[%emt 0:00:01]} 8.
Bxc4 {[%emt 0:00:00]} O-O {[%emt 0:00:02]} 9. O-O {[%emt 0:00:01]} b5 {[%emt
0:00:02]} 10. Be2 {[%emt 0:00:01]} Bb7 {[%emt 0:00:02]} 11. Rd1 {[%emt
0:00:03]} Qc7 {[%emt 0:00:18]} 12. e4 {[%emt 0:00:06]} e5 {[%emt 0:00:02]} 13.
dxe5 { [%emt 0:00:13]} Nxe5 {[%emt 0:00:02]} 14. Nd4 {[%emt 0:00:03]} Neg4
{[%emt 0:00:38]} 15. g3 {[%emt 0:00:09]} Bc5 {[%emt 0:00:47]} 16. h3 {[%emt
0:01:26]} Rad8 {[%emt 0:01:20]} 17. hxg4 {[%emt 0:00:23]} Bxd4 {[%emt 0:00:26]}
18. Rxd4 {[%emt 0:00:25]} Rxd4 {[%emt 0:00:03]} 19. Nxb5 {[%emt 0:00:02]} Qd7
{[%emt 0:00:32]} 20. Nxd4 {[%emt 0:00:06]} Qxd4 {[%emt 0:00:00]} 21. Be3 {[%emt
0:00:12] } Qxe4 {[%emt 0:00:09]} 22. Qxe4 {[%emt 0:00:02]} Nxe4 {[%emt
0:00:02]} 23. Bxa7 {[%emt 0:00:09]} Ra8 {[%emt 0:00:32]} 24. Be3 {[%emt
0:00:32]} h6 { [%emt 0:00:38]} 25. a4 {[%emt 0:00:11]} Kf8 {[%emt 0:00:16]} 26.
a5 {[%emt 0:00:07]} Ba6 {[%emt 0:00:40]} 27. Bxa6 {[%emt 0:00:57]} Rxa6 {[%emt
0:00:02]} 28. b4 {[%emt 0:00:01]} Ke7 {[%emt 0:00:10]} 29. Kg2 {[%emt 0:00:10]}
Ke6 { [%emt 0:00:06]} 30. Rd1 {[%emt 0:00:36]} Nc3 {[%emt 0:00:09]} 31. Rd8
{[%emt 0:00:02]} Nd5 {[%emt 0:00:02]} 32. Bc5 {[%emt 0:00:03]} g6 {[%emt
0:00:39]} 33. f4 {[%emt 0:00:10]} Nf6 {[%emt 0:00:26]} 34. Rd6+ {[%emt
0:00:08]} Ke7 { [%emt 0:00:01]} 35. Rxc6+ {[%emt 0:00:04]} 1-0

[Event "DSJ Weihnachtsturnier U20 2020"]
[Site "https://play.chessbase.com/en/play?room=DSJWeihnachtU20"]
[Date "2020.12.29"]
[Round "1"]
[White "Tovmasyan, Minas"]
[Black "Suvorov, Luca"]
[Result "0-1"]
[Termination "normal"]
[Board "5.2"]
[BlackTitle "FM"]
[WhiteElo "1771"]
[BlackElo "2279"]
[WhiteTeam "TuS Makkabi Rostock"]
[BlackTeam "Schachgemeinschaft Porz"]
[PlyCount "50"]
[WhiteFideId "16247620"]
[BlackFideId "12977071"]
[EventRounds "7"]
[EventType "team-swiss"]
[EventDate "2020.12.29"]

1. d4 {[%emt 0:00:02]} Nf6 {[%emt 0:00:03]} 2. c4 {[%emt 0:00:01]} e6 {[%emt
0:00:01]} 3. Nf3 {[%emt 0:00:01]} a6 {[%emt 0:00:03]} 4. Nc3 {[%emt 0:00:04]}
d5 {[%emt 0:00:01]} 5. Bf4 {[%emt 0:00:02]} dxc4 {[%emt 0:00:32]} 6. Qa4+ {
[%emt 0:00:50]} b5 {[%emt 0:00:52]} 7. Qc2 {[%emt 0:04:16]} Bb7 {[%emt 0:00:48]
} 8. e3 {[%emt 0:00:22]} Bd6 {[%emt 0:01:06]} 9. Ne5 {[%emt 0:00:33]} Nc6 {
[%emt 0:00:36]} 10. Be2 {[%emt 0:01:31]} Bxe5 {[%emt 0:02:28]} 11. dxe5 { [%emt
0:00:00]} Nb4 {[%emt 0:00:04]} 12. Qb1 {[%emt 0:00:12]} Nfd5 {[%emt 0:01:28]}
13. Nxd5 {[%emt 0:01:51]} Nxd5 {[%emt 0:00:21]} 14. O-O {[%emt 0:00:35]} Nxf4
{[%emt 0:00:14]} 15. exf4 {[%emt 0:00:00]} Qd4 {[%emt 0:00:04]} 16. g3 { [%emt
0:00:09]} Qd5 {[%emt 0:00:22]} 17. f3 {[%emt 0:00:01]} O-O {[%emt 0:00:02]} 18.
Rd1 {[%emt 0:00:01]} Qc5+ {[%emt 0:00:01]} 19. Kg2 {[%emt 0:00:05]} Rad8 {[%emt
0:00:08]} 20. Qc2 {[%emt 0:00:01]} Rd5 {[%emt 0:00:22]} 21. Rxd5 { [%emt
0:00:02]} exd5 {[%emt 0:00:01]} 22. Rd1 {[%emt 0:00:01]} d4 {[%emt 0:00:06]}
23. Qc1 {[%emt 0:00:04]} Rd8 {[%emt 0:00:04]} 24. f5 {[%emt 0:00:02]} Qxe5
{[%emt 0:00:03]} 25. Qg5 {[%emt 0:00:04]} Qxe2+ {[%emt 0:00:02]} 0-1

[Event "DSJ Weihnachtsturnier U20 2020"]
[Site "https://play.chessbase.com/en/play?room=DSJWeihnachtU20"]
[Date "2020.12.29"]
[Round "1"]
[White "Gallasch, Jonas"]
[Black "Elsken Sicard, Fabian"]
[Result "1-0"]
[Termination "normal"]
[Board "5.3"]
[WhiteElo "2112"]
[BlackElo "1469"]
[WhiteTeam "Schachgemeinschaft Porz"]
[BlackTeam "TuS Makkabi Rostock"]
[PlyCount "69"]
[WhiteFideId "16222474"]
[BlackFideId "16247612"]
[EventRounds "7"]
[EventType "team-swiss"]
[EventDate "2020.12.29"]

1. d4 {[%emt 0:00:02]} Nf6 {[%emt 0:00:05]} 2. c4 {[%emt 0:00:03]} g6 {[%emt
0:00:03]} 3. Nc3 {[%emt 0:00:02]} Bg7 {[%emt 0:00:03]} 4. e4 {[%emt 0:00:01]}
d6 {[%emt 0:00:02]} 5. Be2 {[%emt 0:00:01]} O-O {[%emt 0:00:04]} 6. Be3 {[%emt
0:00:01]} Nbd7 {[%emt 0:00:02]} 7. g4 {[%emt 0:00:01]} e5 {[%emt 0:00:43]} 8.
d5 {[%emt 0:00:02]} Nc5 {[%emt 0:00:04]} 9. f3 {[%emt 0:00:03]} a5 {[%emt
0:00:07] } 10. h4 {[%emt 0:00:02]} h5 {[%emt 0:00:12]} 11. g5 {[%emt 0:00:01]}
Ne8 { [%emt 0:00:19]} 12. Qd2 {[%emt 0:00:04]} Bd7 {[%emt 0:00:28]} 13. Nh3
{[%emt 0:00:05]} c6 {[%emt 0:00:11]} 14. Nf2 {[%emt 0:00:06]} Qe7 {[%emt
0:01:16]} 15. b3 {[%emt 0:00:26]} Nc7 {[%emt 0:00:12]} 16. Bxc5 {[%emt
0:00:13]} cxd5 { [%emt 0:00:43]} 17. cxd5 {[%emt 0:00:28]} dxc5 {[%emt
0:00:44]} 18. d6 { [%emt 0:00:02]} Qd8 {[%emt 0:00:06]} 19. dxc7 {[%emt
0:00:01]} Qxc7 {[%emt 0:00:03]} 20. Bc4 {[%emt 0:00:19]} Rfd8 {[%emt 0:00:15]}
21. Bd5 {[%emt 0:00:33]} Bc6 {[%emt 0:00:19]} 22. O-O {[%emt 0:00:35]} b5
{[%emt 0:00:07]} 23. Rac1 { [%emt 0:00:17]} b4 {[%emt 0:00:14]} 24. Ne2 {[%emt
0:00:38]} Bxd5 {[%emt 0:00:05]} 25. exd5 {[%emt 0:00:01]} Rd7 {[%emt 0:00:28]}
26. Ne4 {[%emt 0:00:04]} Rad8 {[%emt 0:00:21]} 27. d6 {[%emt 0:00:49]} Rxd6
{[%emt 0:00:13]} 28. Nxd6 { [%emt 0:00:02]} Rxd6 {[%emt 0:00:02]} 29. Qe3
{[%emt 0:00:04]} e4 {[%emt 0:00:16]} 30. Rxc5 {[%emt 0:00:21]} Qe7 {[%emt
0:00:17]} 31. fxe4 {[%emt 0:00:20]} Re6 {[%emt 0:00:16]} 32. Rc4 {[%emt
0:01:49]} Qd7 {[%emt 0:00:55]} 33. Qf3 { [%emt 0:01:10]} Rd6 {[%emt 0:00:35]}
34. Nf4 {[%emt 0:00:49]} Be5 {[%emt 0:00:31]} 35. Nd5 {[%emt 0:00:06]} 1-0

[Event "DSJ Weihnachtsturnier U20 2020"]
[Site "https://play.chessbase.com/en/play?room=DSJWeihnachtU20"]
[Date "2020.12.29"]
[Round "1"]
[White "Röste, Hugo"]
[Black "Fieberg, Samuel"]
[Result "1-0"]
[Termination "normal"]
[Board "5.4"]
[BlackTitle "FM"]
[WhiteElo "1597"]
[BlackElo "2180"]
[WhiteTeam "TuS Makkabi Rostock"]
[BlackTeam "Schachgemeinschaft Porz"]
[PlyCount "99"]
[WhiteFideId "16247604"]
[BlackFideId "12901717"]
[EventRounds "7"]
[EventType "team-swiss"]
[EventDate "2020.12.29"]

1. d4 {[%emt 0:00:05]} d5 {[%emt 0:00:02]} 2. c4 {[%emt 0:00:05]} c6 {[%emt
0:00:02]} 3. Nf3 {[%emt 0:00:05]} Nf6 {[%emt 0:00:03]} 4. Nc3 {[%emt 0:00:04]}
e6 {[%emt 0:00:02]} 5. Bg5 {[%emt 0:00:11]} h6 {[%emt 0:00:16]} 6. Bh4 {[%emt
0:00:05]} g5 {[%emt 0:00:02]} 7. Bg3 {[%emt 0:00:03]} Ne4 {[%emt 0:00:03]} 8.
Be5 {[%emt 0:00:13]} f6 {[%emt 0:00:10]} 9. Bg3 {[%emt 0:00:04]} Bb4 {[%emt
0:00:40]} 10. Qc2 {[%emt 0:00:20]} h5 {[%emt 0:00:20]} 11. Bxb8 {[%emt
0:00:19]} Rxb8 {[%emt 0:00:02]} 12. cxd5 {[%emt 0:00:06]} exd5 {[%emt 0:00:45]}
13. Nd2 { [%emt 0:00:16]} Be6 {[%emt 0:00:16]} 14. Ndxe4 {[%emt 0:00:07]} dxe4
{[%emt 0:01:16]} 15. Qxe4 {[%emt 0:00:05]} Kf7 {[%emt 0:00:13]} 16. e3 {[%emt
0:00:13]} h4 {[%emt 0:01:25]} 17. h3 {[%emt 0:00:16]} f5 {[%emt 0:01:33]} 18.
Qc2 { [%emt 0:00:24]} Qf6 {[%emt 0:00:04]} 19. Bd3 {[%emt 0:00:41]} Rbe8 {[%emt
0:00:28]} 20. a3 {[%emt 0:00:06]} Bd6 {[%emt 0:00:05]} 21. O-O-O {[%emt
0:00:26]} b5 {[%emt 0:00:08]} 22. e4 {[%emt 0:00:59]} fxe4 {[%emt 0:00:27]} 23.
Nxe4 { [%emt 0:00:26]} Bf4+ {[%emt 0:00:04]} 24. Kb1 {[%emt 0:00:11]} Qxd4
{[%emt 0:01:31]} 25. Nxg5+ {[%emt 0:00:14]} Kg7 {[%emt 0:00:33]} 26. Nxe6+
{[%emt 0:00:21]} Rxe6 {[%emt 0:00:00]} 27. Bf5 {[%emt 0:00:39]} Qf6 {[%emt
0:00:02]} 28. Bxe6 {[%emt 0:00:14]} Qxe6 {[%emt 0:00:00]} 29. Rhe1 {[%emt
0:00:14]} Qg6 { [%emt 0:00:18]} 30. Qxg6+ {[%emt 0:00:11]} Kxg6 {[%emt
0:00:00]} 31. Re6+ { [%emt 0:00:02]} Kf5 {[%emt 0:00:01]} 32. Rxc6 {[%emt
0:00:02]} Rg8 {[%emt 0:00:09]} 33. Rd5+ {[%emt 0:00:40]} Ke4 {[%emt 0:00:01]}
34. Rxb5 {[%emt 0:00:03]} Rxg2 {[%emt 0:00:05]} 35. Rc4+ {[%emt 0:00:06]} Kf3
{[%emt 0:00:01]} 36. Rf5 { [%emt 0:00:04]} Rg1+ {[%emt 0:00:03]} 37. Ka2 {[%emt
0:00:03]} Kg2 {[%emt 0:00:00]} 38. Rfxf4 {[%emt 0:00:03]} Kh2 {[%emt 0:00:02]}
39. Rxh4 {[%emt 0:00:04]} a5 {[%emt 0:00:02]} 40. f4 {[%emt 0:00:04]} a4 {[%emt
0:00:01]} 41. Rxa4 { [%emt 0:00:07]} Kh1 {[%emt 0:00:02]} 42. f5 {[%emt
0:00:03]} Rf1 {[%emt 0:00:01]} 43. Raf4 {[%emt 0:00:03]} Rg1 {[%emt 0:00:02]}
44. f6 {[%emt 0:00:02]} Rg8 {[%emt 0:00:02]} 45. f7 {[%emt 0:00:01]} Rf8 {[%emt
0:00:01]} 46. Rh8 {[%emt 0:00:09]} Rxh8 {[%emt 0:00:05]} 47. f8=Q {[%emt
0:00:02]} Rg8 {[%emt 0:00:04]} 48. Qxg8 {[%emt 0:00:07]} Kh2 {[%emt 0:00:02]}
49. Rf2+ {[%emt 0:00:04]} Kh1 { [%emt 0:00:00]} 50. Qg2# {[%emt 0:00:02]} 1-0

[Event "DSJ Weihnachtsturnier U20 2020"]
[Site "https://play.chessbase.com/en/play?room=DSJWeihnachtU20"]
[Date "2020.12.29"]
[Round "1"]
[White "Sinnhöfer, Jonas"]
[Black "Richter, Nils"]
[Result "0-1"]
[Termination "normal"]
[Board "6.1"]
[BlackTitle "FM"]
[WhiteElo "1919"]
[BlackElo "2294"]
[WhiteTeam "Delmenhorster SK V 1931"]
[BlackTeam "TSV Schönaich"]
[PlyCount "72"]
[WhiteFideId "12982938"]
[BlackFideId "12990809"]
[EventRounds "7"]
[EventType "team-swiss"]
[EventDate "2020.12.29"]

1. e4 {[%emt 0:00:03]} c5 {[%emt 0:00:01]} 2. c4 {[%emt 0:00:01]} Nc6 {[%emt
0:00:01]} 3. Nf3 {[%emt 0:00:01]} e6 {[%emt 0:00:01]} 4. Nc3 {[%emt 0:00:02]}
Nd4 {[%emt 0:00:04]} 5. Be2 {[%emt 0:00:04]} Ne7 {[%emt 0:00:02]} 6. O-O {[%emt
0:00:01]} Nec6 {[%emt 0:00:01]} 7. Nxd4 {[%emt 0:00:09]} cxd4 {[%emt 0:00:03]}
8. Nb1 {[%emt 0:00:05]} Be7 {[%emt 0:00:10]} 9. d3 {[%emt 0:00:02]} O-O {[%emt
0:00:01]} 10. f4 {[%emt 0:00:05]} d6 {[%emt 0:00:06]} 11. f5 {[%emt 0:00:30]}
Bf6 {[%emt 0:00:22]} 12. Bg4 {[%emt 0:00:15]} Ne5 {[%emt 0:00:13]} 13. h3
{[%emt 0:00:27]} a6 {[%emt 0:00:08]} 14. Bf4 {[%emt 0:00:11]} b5 {[%emt
0:00:07]} 15. cxb5 {[%emt 0:00:05]} axb5 {[%emt 0:00:00]} 16. Na3 {[%emt
0:00:01]} Bd7 { [%emt 0:00:31]} 17. Qb3 {[%emt 0:00:18]} Nxg4 {[%emt 0:00:35]}
18. hxg4 { [%emt 0:00:02]} e5 {[%emt 0:00:17]} 19. Bd2 {[%emt 0:00:10]} Rb8
{[%emt 0:00:15]} 20. Nc2 {[%emt 0:00:03]} Bg5 {[%emt 0:00:12]} 21. Be1 {[%emt
0:00:20]} Bc6 {[%emt 0:00:33]} 22. Nb4 {[%emt 0:00:04]} Ba8 {[%emt 0:00:22]}
23. Kf2 { [%emt 0:00:18]} Be3+ {[%emt 0:00:05]} 24. Kf3 {[%emt 0:00:16]} Qg5
{[%emt 0:00:09]} 25. g3 {[%emt 0:00:01]} g6 {[%emt 0:00:15]} 26. Nd5 {[%emt
0:00:11]} h5 { [%emt 0:00:15]} 27. gxh5 {[%emt 0:00:58]} gxf5 {[%emt 0:00:06]}
28. Kg2 { [%emt 0:00:24]} f4 {[%emt 0:00:28]} 29. Rh1 {[%emt 0:01:21]} Kh8
{[%emt 0:00:22]} 30. Rh3 {[%emt 0:00:46]} f5 {[%emt 0:00:10]} 31. Bf2 {[%emt
0:00:30]} fxe4 {[%emt 0:00:16]} 32. dxe4 {[%emt 0:00:05]} f3+ {[%emt 0:00:11]}
33. Kf1 { [%emt 0:00:06]} Bxf2 {[%emt 0:00:03]} 34. Qa3 {[%emt 0:00:38]} Bxd5
{[%emt 0:00:13]} 35. Qxd6 {[%emt 0:00:16]} Bc4+ {[%emt 0:00:06]} 36. Kxf2
{[%emt 0:00:07]} Qe3# {[%emt 0:00:01]} 0-1

[Event "DSJ Weihnachtsturnier U20 2020"]
[Site "https://play.chessbase.com/en/play?room=DSJWeihnachtU20"]
[Date "2020.12.29"]
[Round "1"]
[White "Brunner, Jan"]
[Black "Sinnhöfer, Joshua"]
[Result "1-0"]
[Termination "normal"]
[Board "6.2"]
[WhiteElo "2167"]
[BlackElo "1712"]
[WhiteTeam "TSV Schönaich"]
[BlackTeam "Delmenhorster SK V 1931"]
[PlyCount "129"]
[WhiteFideId "12981010"]
[BlackFideId "16201361"]
[EventRounds "7"]
[EventType "team-swiss"]
[EventDate "2020.12.29"]

1. c4 {[%emt 0:00:05]} c5 {[%emt 0:00:02]} 2. Nc3 {[%emt 0:00:03]} Nc6 { [%emt
0:00:01]} 3. Nf3 {[%emt 0:00:01]} Nf6 {[%emt 0:00:01]} 4. g3 {[%emt 0:00:02]}
g6 {[%emt 0:00:01]} 5. Bg2 {[%emt 0:00:01]} Bg7 {[%emt 0:00:01]} 6. O-O { [%emt
0:00:00]} O-O {[%emt 0:00:02]} 7. b3 {[%emt 0:00:08]} b6 {[%emt 0:00:02]} 8.
Bb2 {[%emt 0:00:06]} Bb7 {[%emt 0:00:02]} 9. d4 {[%emt 0:00:18]} cxd4 { [%emt
0:00:08]} 10. Nxd4 {[%emt 0:00:05]} Nxd4 {[%emt 0:00:28]} 11. Bxb7 { [%emt
0:00:08]} Rb8 {[%emt 0:00:01]} 12. Bg2 {[%emt 0:00:02]} e5 {[%emt 0:00:09]} 13.
e3 {[%emt 0:00:06]} Ne6 {[%emt 0:00:03]} 14. Rc1 {[%emt 0:00:12]} Nc5 {[%emt
0:00:05]} 15. Nd5 {[%emt 0:00:25]} Nxd5 {[%emt 0:00:10]} 16. Qxd5 { [%emt
0:00:07]} Re8 {[%emt 0:00:10]} 17. Rfd1 {[%emt 0:00:12]} e4 {[%emt 0:00:04]}
18. Bxg7 {[%emt 0:00:05]} Kxg7 {[%emt 0:00:00]} 19. Qd4+ {[%emt 0:00:32]} Kg8
{[%emt 0:00:06]} 20. Rc2 {[%emt 0:00:10]} f5 {[%emt 0:00:11]} 21. Bf1 { [%emt
0:00:15]} a5 {[%emt 0:00:08]} 22. Qd5+ {[%emt 0:00:19]} Kf8 {[%emt 0:00:20]}
23. Rb1 {[%emt 0:00:30]} Qc7 {[%emt 0:00:41]} 24. a3 {[%emt 0:00:09]} Re5
{[%emt 0:00:48]} 25. Qd4 {[%emt 0:00:18]} Ne6 {[%emt 0:00:19]} 26. Qc3 { [%emt
0:00:02]} Ng5 {[%emt 0:00:11]} 27. Be2 {[%emt 0:00:10]} Rd8 {[%emt 0:00:16]}
28. Rd1 {[%emt 0:00:14]} d5 {[%emt 0:00:08]} 29. c5 {[%emt 0:00:08]} bxc5
{[%emt 0:00:12]} 30. Qxc5+ {[%emt 0:00:04]} Qxc5 {[%emt 0:00:08]} 31. Rxc5 {
[%emt 0:00:00]} Rb8 {[%emt 0:00:12]} 32. Rb1 {[%emt 0:00:13]} Ra8 {[%emt
0:00:08]} 33. Rd1 {[%emt 0:00:26]} Rb8 {[%emt 0:00:06]} 34. h4 {[%emt 0:00:29]}
Nf7 {[%emt 0:00:22]} 35. Rdxd5 {[%emt 0:00:43]} Rxb3 {[%emt 0:00:04]} 36. Rxe5
{ [%emt 0:00:03]} Nxe5 {[%emt 0:00:06]} 37. Rxe5 {[%emt 0:00:00]} Rxa3 {[%emt
0:00:01]} 38. Rb5 {[%emt 0:00:10]} a4 {[%emt 0:00:02]} 39. Ra5 {[%emt 0:00:05]}
Ra1+ {[%emt 0:00:01]} 40. Kg2 {[%emt 0:00:02]} a3 {[%emt 0:00:02]} 41. Ra4 {
[%emt 0:00:29]} Ke7 {[%emt 0:00:22]} 42. h5 {[%emt 0:00:10]} gxh5 {[%emt
0:00:03]} 43. Bxh5 {[%emt 0:00:04]} Ke6 {[%emt 0:00:08]} 44. Be2 {[%emt
0:00:08]} Ke5 {[%emt 0:00:09]} 45. f4+ {[%emt 0:00:08]} exf3+ {[%emt 0:00:08]}
46. Kxf3 { [%emt 0:00:05]} Kf6 {[%emt 0:00:09]} 47. Kf4 {[%emt 0:00:06]} Re1
{[%emt 0:00:19]} 48. Bf3 {[%emt 0:00:06]} Ra1 {[%emt 0:00:04]} 49. Ra6+ {[%emt
0:00:01]} Ke7 {[%emt 0:00:02]} 50. Kxf5 {[%emt 0:00:02]} a2 {[%emt 0:00:02]}
51. Kf4 { [%emt 0:00:03]} Kd7 {[%emt 0:00:03]} 52. e4 {[%emt 0:00:04]} Kc7
{[%emt 0:00:02]} 53. e5 {[%emt 0:00:01]} Kd7 {[%emt 0:00:01]} 54. Bg4+ {[%emt
0:00:07]} Ke7 {[%emt 0:00:02]} 55. Ra7+ {[%emt 0:00:03]} Ke8 {[%emt 0:00:03]}
56. Bf3 { [%emt 0:00:04]} h5 {[%emt 0:00:06]} 57. Bxh5+ {[%emt 0:00:04]} Kd8
{[%emt 0:00:03]} 58. Bf3 {[%emt 0:00:01]} Ke8 {[%emt 0:00:04]} 59. g4 {[%emt
0:00:01]} Kf8 {[%emt 0:00:02]} 60. g5 {[%emt 0:00:01]} Kg8 {[%emt 0:00:02]} 61.
g6 {[%emt 0:00:02]} Kf8 {[%emt 0:00:15]} 62. g7+ {[%emt 0:00:02]} Kg8 {[%emt
0:00:04]} 63. Bd5+ {[%emt 0:00:01]} Kh7 {[%emt 0:00:01]} 64. g8=Q+ {[%emt
0:00:02]} Kh6 { [%emt 0:00:00]} 65. Rh7# {[%emt 0:00:02]} 1-0

[Event "DSJ Weihnachtsturnier U20 2020"]
[Site "https://play.chessbase.com/en/play?room=DSJWeihnachtU20"]
[Date "2020.12.29"]
[Round "1"]
[White "Wander, Dennis"]
[Black "Kilinc, Can"]
[Result "1/2-1/2"]
[Termination "normal"]
[Board "6.3"]
[WhiteElo "1595"]
[BlackElo "1932"]
[WhiteTeam "Delmenhorster SK V 1931"]
[BlackTeam "TSV Schönaich"]
[PlyCount "122"]
[WhiteFideId "16276523"]
[BlackFideId "16215117"]
[EventRounds "7"]
[EventType "team-swiss"]
[EventDate "2020.12.29"]

1. e4 {[%emt 0:00:25]} e5 {[%emt 0:00:03]} 2. Nf3 {[%emt 0:00:02]} Nc6 { [%emt
0:00:03]} 3. d4 {[%emt 0:00:02]} exd4 {[%emt 0:00:04]} 4. Bc4 {[%emt 0:00:01]}
Bc5 {[%emt 0:00:05]} 5. c3 {[%emt 0:00:02]} Nf6 {[%emt 0:00:03]} 6. cxd4 {[%emt
0:00:03]} Bb4+ {[%emt 0:00:06]} 7. Bd2 {[%emt 0:00:01]} Nxe4 { [%emt 0:00:25]}
8. Bxb4 {[%emt 0:00:04]} Nxb4 {[%emt 0:00:05]} 9. Bxf7+ { [%emt 0:00:04]} Kxf7
{[%emt 0:00:02]} 10. Qb3+ {[%emt 0:00:01]} d5 {[%emt 0:00:02]} 11. Qxb4 {[%emt
0:00:03]} Rf8 {[%emt 0:00:03]} 12. Ne5+ {[%emt 0:00:04]} Kg8 {[%emt 0:00:06]}
13. O-O {[%emt 0:00:01]} Qg5 {[%emt 0:00:49]} 14. Qb3 { [%emt 0:00:51]} Be6
{[%emt 0:00:30]} 15. Nf3 {[%emt 0:00:37]} Qh5 {[%emt 0:01:47]} 16. Nbd2 {[%emt
0:00:16]} Nxd2 {[%emt 0:00:15]} 17. Nxd2 {[%emt 0:00:00]} Rab8 {[%emt 0:00:51]}
18. Qg3 {[%emt 0:00:57]} c6 {[%emt 0:00:09]} 19. Nf3 { [%emt 0:00:09]} Rbe8
{[%emt 0:00:07]} 20. Ne5 {[%emt 0:00:17]} c5 {[%emt 0:00:22]} 21. dxc5 {[%emt
0:00:44]} Rf5 {[%emt 0:00:49]} 22. Ng4 {[%emt 0:00:21]} Rg5 {[%emt 0:00:11]}
23. h3 {[%emt 0:00:06]} Qg6 {[%emt 0:00:29]} 24. f4 { [%emt 0:00:13]} Rf5
{[%emt 0:00:36]} 25. Qd3 {[%emt 0:01:03]} h5 {[%emt 0:00:45]} 26. Ne5 {[%emt
0:00:07]} Qf6 {[%emt 0:00:02]} 27. Rae1 {[%emt 0:00:19]} Rxf4 {[%emt 0:00:12]}
28. Rxf4 {[%emt 0:00:04]} Qxf4 {[%emt 0:00:00]} 29. Nf3 { [%emt 0:00:14]} Qf6
{[%emt 0:00:20]} 30. Nd4 {[%emt 0:00:17]} Bd7 {[%emt 0:00:07]} 31. Rf1 {[%emt
0:00:06]} Qe5 {[%emt 0:00:04]} 32. Nf3 {[%emt 0:00:17]} Qe3+ {[%emt 0:00:01]}
33. Qxe3 {[%emt 0:00:02]} Rxe3 {[%emt 0:00:00]} 34. Rd1 { [%emt 0:00:05]} Be6
{[%emt 0:00:08]} 35. Kf2 {[%emt 0:00:03]} Re4 {[%emt 0:00:11]} 36. Ng5 {[%emt
0:00:03]} Re5 {[%emt 0:00:15]} 37. Nxe6 {[%emt 0:00:08]} Rxe6 {[%emt 0:00:00]}
38. Rxd5 {[%emt 0:00:02]} Rc6 {[%emt 0:00:04]} 39. b4 { [%emt 0:00:06]} g6
{[%emt 0:00:06]} 40. Rd8+ {[%emt 0:00:03]} Kg7 {[%emt 0:00:02]} 41. Rd7+ {[%emt
0:00:01]} Kf6 {[%emt 0:00:02]} 42. Rxb7 {[%emt 0:00:01]} a5 {[%emt 0:00:01]}
43. bxa5 {[%emt 0:00:04]} Rxc5 {[%emt 0:00:01]} 44. a6 { [%emt 0:00:01]} Rc2+
{[%emt 0:00:03]} 45. Kg3 {[%emt 0:00:08]} Rxa2 {[%emt 0:00:00]} 46. a7 {[%emt
0:00:01]} g5 {[%emt 0:00:06]} 47. h4 {[%emt 0:00:10]} Ra3+ {[%emt 0:00:03]} 48.
Kh2 {[%emt 0:00:05]} gxh4 {[%emt 0:00:02]} 49. Rb6+ { [%emt 0:00:04]} Kg5
{[%emt 0:00:03]} 50. Rb7 {[%emt 0:00:01]} Kg4 {[%emt 0:00:03]} 51. Rg7+ {[%emt
0:00:04]} Kf5 {[%emt 0:00:01]} 52. Rh7 {[%emt 0:00:03]} Kg6 {[%emt 0:00:02]}
53. Rb7 {[%emt 0:00:01]} Kg5 {[%emt 0:00:03]} 54. Rb5+ { [%emt 0:00:02]} Kg6
{[%emt 0:00:02]} 55. Rb7 {[%emt 0:00:03]} Kg5 {[%emt 0:00:01]} 56. Kg1 {[%emt
0:00:01]} Kg4 {[%emt 0:00:02]} 57. Kf2 {[%emt 0:00:04]} Kf4 {[%emt 0:00:02]}
58. Rb4+ {[%emt 0:00:03]} Kf5 {[%emt 0:00:04]} 59. Rxh4 { [%emt 0:00:03]} Kg5
{[%emt 0:00:03]} 60. Rb4 {[%emt 0:00:16]} Rxa7 {[%emt 0:00:02]} 61. Rb5+ {[%emt
0:00:01]} Kg4 {[%emt 0:00:03] Schoenai003 offers a draw} 1/2-1/2